[Event "West Wales Congress Major"]
[Site "Swansea"]
[Date "2019.10.11"]
[Round "1.1"]
[White "Pinch, David"]
[Black "Parri, Deio"]
[Result "1/2-1/2"]
[WhiteElo "1842"]
[BlackElo "1659"]
[Annotator "kemen"]
[PlyCount "64"]
[EventDate "2019.10.11"]
[EventType "swiss"]
[EventRounds "5"]
[EventCountry "WLS"]

{[%evp 0,64,14,28,28,4,4,4,13,-23,-5,-5,8,11,15,-14,35,26,28,0,30,31,37,24,36,
3,5,-11,7,-17,-12,-26,-15,-36,-6,-21,11,9,10,1,-2,-4,8,-16,-35,-26,-9,-1,-10,
-18,4,-24,-4,-18,-18,0,42,7,45,-155,-125,-155,-120,-115,-57,-106,-114]} 1. d4
d5 2. c4 e6 3. Nf3 Nf6 4. g3 Be7 5. Bg2 O-O 6. O-O c6 7. Bf4 (7. Qc2) (7. Nc3)
(7. b3 {Main lines, mostly will fianchetto the QB. Comments from David; except
those identified _R}) 7... b6 8. Nc3 Bb7 9. cxd5 {[Houdini W0.01 best Ne5 W0.
37] or Rc1.When black plays Bb7 the idea is to fix a pawn on d5 to reduce its
influence.} (9. Rc1) (9. Ne5 {main lines- keeping options open _R}) 9... exd5 {
[Houdini W0.44 best cxd5 W0.01]Taking with the c pawn seems preferable. [
taking e transposes to more games, & keeps a c5 plan alive. The text leaves
the Bl pawns more rigid _R]} 10. Rc1 Nbd7 11. a3 Re8 12. Bg5 $6 {[Houdini
level best e3 W0.34]White's pawns are on dark squares. The f4 B is always
susceptible to attack. White decides to swap it off. Perhaps 7.Bg5 is better?.
[Fianchetto for longer influence- the text is a N, moving a piece twice _R]} (
12. b4 {logical after the previous _R]}) (12. Re1) (12. Ne5 {are main choices_R
}) 12... Nf8 13. e3 h6 14. Bxf6 Bxf6 15. b4 {Trying to suppress ...c5.} Ne6 16.
Qb3 b5 17. a4 a6 (17... bxa4 {[Houdini level]. Komodo13 agrees _R} 18. Nxa4 a5
19. bxa5 Ba6 20. Nb6 Bxf1 21. Bxf1 Rxa5 22. Rxc6 Qb8 23. Qc3 Qa7 24. Nc8 Qa8
25. Nb6 Qa7) 18. Ra1 {[Houdini W0.39 best Ne5 W0.42]Trying to keep the tension
on the R file.} Qd6 19. Nd2 {E4 after preparation may be on the cards. The
preparation will need to be to protect the d-pawn, twice, so probably not
feasible yet. The N can also go to b3 to eye c5.} Be7 20. Rab1 {The R was
doing nothing on the a-file anyway.} Bf6 21. Na2 {[Houdini B0.10 best a5 W0.12]
Th N is finding its way to d3.Blocking the a file with a5 doesnt seem sensible.
} Bc8 22. Nc1 Bd7 23. Nd3 g6 {[Houdini W0.49 best Bxd4 B0.25]White thought
this was just a waiting move but black is regrouping to get activity in the
K-side.} (23... Bxd4 24. axb5 (24. exd4 Nxd4 25. Qa3 bxa4 26. Nf3 Ne2+ 27. Kh1
a5 28. Nc5 axb4 29. Qxb4 a3 30. Nxd7 Qxd7 31. Ra1 Qa7 32. Qd2 a2 33. Rfe1 Qxf2
34. Rf1 Qa7 35. Rfe1 Qf2 $11 {Komodo13-is one of the Engine type positions
that few humans, bar some top GMs might look at _R}) 24... Bf6 25. bxc6 Bxc6
26. Rfc1 Rab8 27. Nc5 Nxc5 28. bxc5 Qc7 29. Qd3 Rxb1 30. Rxb1 Bb5 31. Qa3 $11 {
Komodo13-It's 10 moves deep at least, with very obscure consequences _R}) 24.
Qc2 h5 25. Nb3 Ng5 26. Qc5 {[Houdini level best h4 W0.24]White tries to
exchange queens since without queens he is positionally better. Although black
has the two bishops in this closed position the Ns are better.} (26. h4 {
[Houdini W0.24].} Ne4 27. Rbc1 Qe7 28. Ndc5 Nxc5 29. Nxc5 Bf5 30. Qc3 g5 31.
hxg5 Bg7 32. axb5 axb5 33. Nd3 Qxg5 34. Ne5 Rac8 35. Ra1) (26. Rfc1 $14 {
Komodo13_R}) 26... Qe6 27. Nf4 Qf5 $6 {[Houdini W0.79 best Qe7 W0.22].} 28. h4
{White thinks that there is a tactical advantage, based on Bh3, but this is
badly miscalculated.} (28. Qc1 $16 {Komodo13- prepares the idea} Be7 29. axb5
axb5 30. h4 Ne6 31. Bh3 Qe4 32. Bxe6 (32. f3 {aiming at the Bl Q} Nxf4 33. fxe4
(33. gxf4 Qxb1 34. Qxb1 Bxh3 35. Rc1 Bxh4 36. e4 $11 {Komodo13}) 33... Ne2+ 34.
Kh2 Nxc1 35. Bxd7 Red8 36. Bxc6 Ra2+ {other moves appear to lose} 37. Kh3 Nd3
38. exd5 Nf2+ 39. Rxf2 Rxf2 40. Nc5 $14 {Komodo13- Wh has a powerful centre,
rather better than the exchange- good practical chances for a win. _R}) 32...
Bxe6 (32... fxe6 33. Nc5 Bxc5 34. Qxc5 e5 35. dxe5 Rxe5 36. Ra1 Rxa1 37. Rxa1
Be8 38. Qd6 Re7 39. Ra8 $16 {Komodo13-Bl looks in trouble}) 33. Qxc6 Bxb4 34.
Nc5 Bxc5 35. Qxc5 Rec8 36. Qxb5 $16 {a pawn & a much better N vs bad B_ R})
28... Ne4 29. Qc2 $2 (29. Qc1 {[Houdini W0.94].} g5 30. Bh3 g4 31. Bg2 Be7 32.
axb5 axb5 33. Bxe4 dxe4 34. Nc5 Bc8 35. Ra1 Rb8 36. Ra7 Bd6 37. Re1 Qh7 38. Qd1
Rd8 39. Qc2 (39. Qb3 $18 {Komodo13-R}) 39... Re8 40. Rea1 (40. Na6 $18 {
Komodo13 _R}) 40... Bf5 41. Qb3 (41. Nd7 Bxd7 42. Rxd7 Bxf4 43. gxf4 Qg6 44.
Raa7 Rf8 45. Kh2 $18 {Komodo13-R}) 41... Rbc8 42. R1a6 Bb8 43. Rb7 $16) 29...
Nxg3 $1 {[Houdini B1.32].} 30. Qxf5 $2 {[Houdini B1.42]Qc1 was still the best
move.} (30. Qc1 Qxf4 $1 (30... Nxf1 31. Bh3 Qxb1 32. Qxb1 Bxh3 33. Nxh3 bxa4
34. Kxf1 axb3 35. Qxb3 Bxh4 $19 {Komodo13- looks rather unclear _R}) 31. fxg3 (
31. exf4 Ne2+ 32. Kh2 Nxc1 33. Rbxc1 bxa4 34. Nc5 Bg4 35. Nxa4 Be2 36. Rh1 Bxh4
$19 {Komodo13- Bl has 2 Bs, 2 extra pawns & Wh's remaining pawns are all split
_R}) 31... Qd6 $19 {Komodo13} (31... Qxg3 32. Rxf6 Rxe3 33. Na5 Rae8 34. Rf2
Bf5 $19 {Komodo13- and the Wh K is in trouble _R})) 30... Nxf5 31. Nc5 Ra7 (
31... Bc8 $17 {Komodo13 _R}) 32. Bh3 (32. Ra1 Nxh4 (32... Bc8 33. axb5 cxb5 34.
Nxd5 Bxh4 35. Nb6 $11) 33. axb5 cxb5 34. Nxd5 Bd8 35. Bh1 Bc8 36. Nc3 Rc7 37.
Rfc1 Kg7 38. Nxa6 Bxa6 39. Rxa6 $14 {Komodo13 - indicating that Bl's Q side is
not easily defensible _R}) 32... Bc8 $17 {[Houdini B1.11]Black is a pawn up
and can at any time take the h4 pawn. His pieces are not particularly active
and he has pawn weaknesses. But he must be winning. However he offered a draw
which white gratefully accepted. It is the advantage of a higher rated player.}
1/2-1/2

[Event "West Wales Congress Major"]
[Site "Swansea"]
[Date "2019.10.11"]
[Round "1.2"]
[White "Philpin, Les"]
[Black "Di-Vetta, Andrew"]
[Result "0-1"]
[WhiteElo "1675"]
[BlackElo "1812"]
[Annotator "kemen"]
[PlyCount "94"]
[EventDate "2019.10.11"]
[EventType "swiss"]
[EventRounds "5"]
[EventCountry "WLS"]

{[%evp 0,94,14,23,28,28,77,49,34,31,41,26,43,46,46,25,43,27,5,9,9,9,9,15,14,
-15,-12,-9,-7,-46,-11,-10,13,-38,-38,-49,-30,-36,-28,-84,-23,-63,-56,-88,-88,
-101,-110,-116,-91,-149,-157,-192,-116,-123,-90,-336,-214,-242,-174,-192,-226,
-394,-127,-124,-123,-120,-117,-112,-110,-112,-116,-135,-91,-104,-78,-84,-78,
-78,-88,-70,17,-54,0,0,0,-77,-29,-194,-209,-455,-493,-493,-493,-506,-529,-525,
-615]} 1. d4 Nf6 2. Nf3 b6 3. Bf4 {the London System has a fashionable GM
clientele as well nowadays} Bb7 4. Nbd2 d6 (4... e6 {main, keeps pawn
structure on balaced colours}) 5. e3 g6 6. c3 (6. h3) 6... Bg7 7. Bb5+ {
induces obstructing the B, but Bl's pawn structure evens out.} (7. h3) (7. Bc4)
7... c6 8. Be2 Nbd7 9. h3 (9. Qb3 c5 10. a4 (10. Ng5 O-O 11. Rg1 (11. h4 cxd4
12. exd4 e5 13. Be3 Bxg2 14. Rh2 Bd5 15. c4 exd4 16. Bxd4 Bc6 17. h5 {
Krizan-Bozicevic, CRO ch tm 2010,1/2-1/2}) 11... h6 12. Nh3 e5 13. dxe5 dxe5
14. Bg3 Qe7 15. O-O-O Rfd8 16. f3 Rac8 17. Bf2 Nb8 18. g4 {Philpin-Orton,
Dyfed Open 2019,1-0}) 10... O-O 11. a5 cxd4 12. cxd4 Bd5 13. Bc4 Bxc4 14. Nxc4
bxa5 15. Nxa5 Qb6 {Cardelli-De Vita, Bratto op 2003,1/2-1/2}) (9. e4 $14 {
Komodo13}) 9... Nh5 10. Bh2 O-O 11. g4 (11. e4 $14) 11... Nhf6 12. Rg1 c5 13.
Qc2 d5 (13... cxd4 14. exd4 Rc8 $15 {Komodo13}) 14. Bd3 (14. O-O-O $14 {
Komodo13}) 14... c4 15. Be2 b5 16. a3 (16. h4 $5) 16... Nb6 17. Ne5 Nfd7 18. f4
(18. Nxd7 Qxd7 19. h4 $11 {Komodo13}) 18... f6 (18... Nxe5 19. fxe5 f6 $15 {
Komodo13}) 19. Nef3 Qe8 (19... e5 $15 {break open the centre, while the enemy
K is still there}) 20. f5 (20. g5 {using the R on g1} f5 (20... fxg5 21. Nxg5
$14) 21. h4 a5 22. h5 e6 23. Bg3 Bc6 24. Kf2 $11 {Komodo13- but Wh has an
easier game than Bl, who has to patiently await the Wh assault ( putting Bl
pieces into the Q side just takes them away from their K)}) 20... e5 21. dxe5 (
21. O-O-O) 21... fxe5 22. fxg6 Qxg6 (22... hxg6 23. O-O-O Nc5 $19 {as the Wh K
is now the unsafe one}) 23. Qxg6 hxg6 24. Ng5 Rae8 25. Bg3 Na4 26. O-O-O d4 {
the Bl pieces are far better co-ordinated than the Wh ones} 27. Nb1 d3 (27...
Ndc5 $19) 28. Bf1 Ndc5 29. Nd2 Bh6 30. Bh4 (30. h4 Bxg5 31. hxg5 Bf3 32. Nxf3
Rxf3 33. Kb1 e4 34. Re1 Nb3 {and the Wh pieces can scarcely move-Komodo13})
30... Ne6 (30... Bxg5 31. Bxg5 Rf2 $19) 31. Nxe6 Rxe6 32. g5 Bg7 33. Bg2 Bxg2
34. Rxg2 e4 $17 35. Rf1 Rxf1+ 36. Nxf1 Nc5 (36... Nxc3 37. bxc3 Bxc3 {and Bl
pawns will advance inexorably-Komodo13}) 37. Nd2 Re5 38. Rg4 Kf7 39. Bg3 Re6 {
giving Wh one chance to escape the worst} (39... Rf5 $19 {Komodo13} 40. Nxe4 $2
Rf1+ 41. Be1 (41. Kd2 Nb3#) 41... Rxe1+ 42. Kd2 Re2+ 43. Kc1 Nb3+ 44. Kd1 (44.
Kb1 Re1+ 45. Ka2 Ra1#) 44... Rxb2 $19) 40. h4 (40. Bb8 $1 {[%eval 0,0]
Komodo13- activating the} a6 41. Ba7 Re5 (41... Nb3+ 42. Nxb3 cxb3 43. Kd2 $11)
42. Bxc5 Rxc5 43. Nxe4 Re5 44. Kd2 $11 {with a blockade}) 40... Ke7 41. Bb8 {
one move too late} a6 42. Kb1 (42. Ba7 {should still be tried though} Kd6 (
42... Nb3+ 43. Nxb3 cxb3 44. Bc5+ $11) 43. Bxc5+ Kxc5 44. Rxe4 (44. Nxe4+ Kd5
45. Nf2 Rxe3 $19) 44... Rxe4 45. Nxe4+ Kd5 46. Nd2 Bf8 47. a4 Bc5 48. axb5 axb5
49. Nf1 Ke6 50. b3 cxb3 51. Kb2 Kf5 52. Kxb3 Kg4 $17 {and the active Bl K & B
outrun the N}) 42... Nb3 43. Nxe4 Kd7 {the threat is Rxe4 & N fork- if the K
runs to a2, then the d pawn walks in} 44. Ba7 Rxe4 45. Rxe4 Nd2+ 46. Kc1 Nxe4
47. Bb8 Ke6 0-1

[Event "West Wales Congress Major"]
[Site "Swansea"]
[Date "2019.10.11"]
[Round "1.3"]
[White "Williams, Duncan"]
[Black "Vesz, Marcell"]
[Result "1-0"]
[WhiteElo "1793"]
[BlackElo "1561"]
[Annotator "kemen"]
[PlyCount "43"]
[EventDate "2019.10.11"]
[EventType "swiss"]
[EventRounds "5"]
[EventCountry "WLS"]

{[%evp 0,43,19,28,72,53,117,75,122,106,134,135,138,130,355,290,329,251,217,139,
185,201,201,182,192,192,192,207,194,191,224,260,251,260,260,264,230,221,532,
530,521,540,540,499,618,620]} 1. e4 c5 2. Nf3 d6 3. Bc4 (3. d4) (3. Bb5+ {
main lines}) 3... Bg4 {not a good idea} (3... Nf6) (3... e6) 4. Bxf7+ {34
people saw the flaw} (4. h3 {and 49 people missed it.}) 4... Kxf7 5. Ng5+ Ke8
6. Qxg4 $18 Nf6 (6... Qd7 {is a bit better}) 7. Qe6 Rg8 (7... Qd7 8. Qf7+ Kd8
9. Ne6+ Kc8 10. Nxf8 {is scarcely inspiring; though one player salvaged a draw
& another even managed a win. There were 6 wins....}) 8. O-O (8. Nxh7 Nbd7 9.
Ng5 $18 {Stockfish10}) (8. Nc3 Nc6 9. Nd5 Rh8 10. Nxf6+ (10. Nf7) 10... gxf6
11. Qf7+ Kd7 12. Qe6+ Ke8 13. Nf7 Nd4 14. Qc4 (14. Nxd8 Nxe6 15. Nxe6 $18)
14... b5 15. Qxd4 (15. Qd5 e6 16. Qh5 $18) 15... cxd4 16. Nxd8 Kxd8 17. d3 $18
{Ndugu-Mhodi, Wld ch U16, Durban 2014, 0-1 , on time it seems further down the
line.}) 8... h6 9. Nh7 (9. Qf7+ Kd7 10. e5 dxe5 11. Ne6 Qc8 12. f4 $18 {
Komodo13}) 9... Nbd7 10. Nc3 Rh8 11. Qf5 (11. Nb5 Qb6 12. Nxf6+ Nxf6 13. a4 $18
{Stockfish10}) 11... Ne5 12. Nxf6+ gxf6 13. f4 Nc6 14. Nd5 Nd4 15. Qh5+ Kd7 16.
c3 Nb5 17. Qf5+ (17. d4 {opens up the position against the K in the centre})
17... Kc6 18. b4 (18. d4) 18... Qd7 19. a4 Qxf5 (19... Nc7 20. b5+ {wins
evething} Nxb5 21. axb5+ Kxb5 22. Qxd7+ Kc4 23. Qa4+ Kd3 24. Rf3+ Ke2 25. Re3#)
20. axb5+ Kxb5 21. exf5 Kc4 22. Nb6+ 1-0

[Event "West Wales Congress Major"]
[Site "Swansea"]
[Date "2019.10.11"]
[Round "1.4"]
[White "Probert, Malcolm"]
[Black "Pe, Philip"]
[Result "0-1"]
[WhiteElo "1541"]
[BlackElo "1789"]
[Annotator "kemen"]
[PlyCount "68"]
[EventDate "2019.10.11"]
[EventType "swiss"]
[EventRounds "5"]
[EventCountry "WLS"]

{[%evp 0,68,19,29,23,4,-10,-10,24,21,14,-17,17,27,11,8,8,8,6,11,35,21,7,7,17,2,
27,9,42,32,145,137,137,92,172,147,156,135,186,158,167,70,96,30,26,42,42,-236,
-235,-295,-214,-192,-96,-117,-96,-99,-39,-40,-61,-195,-60,-323,-360,-415,-415,
-453,-452,-457,-457,-459,-377]} 1. Nf3 Nf6 2. g3 d5 3. Bg2 g6 4. O-O Bg7 5. c4
(5. d3 {main}) 5... c6 6. cxd5 (6. d4) 6... cxd5 7. d4 O-O 8. Nc3 Nc6 9. Bf4 (
9. Ne5 {main}) 9... Nh5 10. Bg5 (10. Be3) 10... h6 11. Be3 Nf6 12. h3 Qb6 $146
(12... Ne4 {Cloud Engines}) (12... Be6) 13. Qc1 Kh7 14. Ne5 (14. Rd1 $14 {
Komodo13}) 14... Rd8 $2 (14... Be6) 15. Nxf7 $18 Rf8 16. Nxh6 (16. Ne5 $18 {
simplest}) 16... Be6 (16... Nxd4 {creating confusion may be Bl's best bet} 17.
Qd2 e5 18. Ng4 Nxg4 19. Nxd5 Nxe3 20. Nxb6 Nxf1 21. Qa5 axb6 22. Qxa8 Nd2 23.
Rd1 Nxe2+ 24. Kh2 Nc4 25. b3 Na5 26. Rd2 Nd4 27. Qa7 $16 {Komodo13}) 17. Na4
Qd8 18. Nc5 Bc8 19. g4 {to rescue the N, but loosens K side} (19. Rd1) (19. Nd3
) 19... b6 20. Nd3 Bb7 (20... Qd6 21. Ne5 Nxe5 22. dxe5 Qxe5 23. f4 Qd6 24. f5
g5 25. Bxg5 Ne4 26. f6 Bxf6 27. Bxf6 Rxf6 28. Rxf6 Qxf6 29. Qe3 Rb8 (29... Qxh6
30. Bxe4+ dxe4 31. Qxe4+ Kg8 32. Qxa8) 30. Rd1 Be6 31. Bxe4+ dxe4 32. Qxe4+ Qg6
33. Nf5 $18 {Komodo13}) 21. g5 Ne4 22. Nf4 (22. Qe1 Bxd4 23. Ng4 Qd6 24. Rc1
Bg7 25. f4 $18 {Komodo13}) 22... Qd6 $11 23. Nxd5 $2 {a miscalculation} (23.
Bxe4 dxe4 24. d5 (24. Rd1) 24... Nd4 25. Bxd4 Bxd4 26. Qd2 Bc5 27. e3 Rxf4 28.
exf4 Rf8 $11 {Bl has chances against the K, & the 2Bs are equal to the R &N in
endings}) 23... Qxd5 $19 24. Rd1 (24. Qc2 Nxd4 25. Bxd4 Bxd4 $19 {the b7 B
joins in} 26. e3 Bc5 27. Rad1 Qe6 $19 (27... Qxg5 $19 {Komodo13})) 24... Bxh6 (
24... Nxd4 $19 {Komodo13}) 25. gxh6 Qf5 26. Qc2 Na5 27. d5 Nf6 28. Qxf5 gxf5
29. d6 (29. Rac1 Rac8 $17) 29... Bxg2 (29... Rg8 $1 $19) 30. dxe7 (30. Kxg2 Nc4
31. dxe7 Nxe3+ 32. fxe3 Rg8+ 33. Kf3 Rae8 $19 {Komodo13}) 30... Rg8 31. Rd8
Bc6+ 32. Kf1 Raxd8 33. exd8=Q Rxd8 34. Rc1 Nc4 (34... Nd5) 0-1

[Event "West Wales Congress Major"]
[Site "Swansea"]
[Date "2019.10.11"]
[Round "1.5"]
[White "Miga, Tomasz"]
[Black "James, Lucas"]
[Result "1/2-1/2"]
[WhiteElo "1759"]
[BlackElo "1515"]
[Annotator "kemen"]
[PlyCount "156"]
[EventDate "2019.10.11"]
[EventType "swiss"]
[EventRounds "5"]
[EventCountry "WLS"]

{[%evp 0,156,26,26,26,24,40,24,24,29,9,17,4,6,15,11,11,11,15,0,38,20,20,-7,-11,
-14,-16,-63,29,40,59,42,64,50,52,19,232,6,47,-53,-39,-61,-75,-75,-91,-77,-68,
-98,-85,-88,-92,-92,11,-41,-15,-21,-23,-31,-17,-36,65,76,67,68,66,80,86,34,84,
90,92,92,92,88,85,77,73,77,70,77,70,76,90,96,96,96,94,94,96,94,93,96,96,94,93,
104,96,96,104,104,103,59,39,27,19,24,27,19,27,17,20,0,20,2,2,-36,85,81,77,3,0,
0,0,0,0,-66,0,0,0,0,0,0,0,0,0,0,8,7,7,3,3,3,4,4,0,0,0,0,0,0,0,0,0,0,0,0,0,0,0]
} 1. d4 Nf6 2. Nf3 g6 3. g3 Bg7 4. Bg2 d5 5. O-O O-O 6. c4 c6 {a
Schlechter-Grunfeld} 7. cxd5 cxd5 8. Nc3 Nc6 9. Ne5 {main} (9. Bf4 {was played
on the next board up- Probert-Pe, West Wales Major rd1 2019,0-1}) 9... e6 10.
Nxc6 bxc6 11. Qa4 (11. Na4) (11. Bf4 {main lines}) 11... Bd7 (11... Qb6 {
1 Wh win, 2 draws, 2 Bl wins}) 12. Qa3 Qb6 (12... Re8 13. Bf4 Bf8 14. Bd6 Bxd6
15. Qxd6 Qe7 16. Qxe7 Rxe7 17. Na4 Be8 18. Rac1 {Sorensen-Tsalicoglou, Wld ch
Seniors , Kamena Vourla 2012,1-0}) 13. Rd1 Rfb8 (13... Rab8 14. Na4 Qa5 15. Bf4
Rb7 16. Rab1 Rc8 17. b3 c5 18. dxc5 Bxa4 19. Qxa4 Rxc5 20. Bd6 Qxa4 21. bxa4
Rxb1 22. Rxb1 Rc8 23. Rb8 Rxb8 24. Bxb8 a6 {Marton-Elo, HUN ch tm 1994,0-1}) (
13... Rfc8 14. Na4 Qa6 15. Nc5 Qxe2 16. Bg5 Be8 17. Bf3 Qb5 18. Rd3 Nd7 19. Rb3
Qc4 20. Rb4 Qc2 21. Nxd7 Bxd7 22. Rb7 Be8 23. Rc1 Qf5 24. h4 Bxd4 {
Quiroga-Amura, Clarin GP op, Potrero de los Funes, 1995,0-1}) (13... e5 $15 {
Cloud Engines}) 14. Na4 Qa6 15. Bf4 Bf8 (15... Rb7 {Cloud Engines} 16. Nc5 Qxa3
17. bxa3 Rb2 $14) 16. Nc5 (16. Qf3 $16 {Deep Fritz13 & Komodo13}) 16... Qxa3
17. bxa3 Rb2 (17... Rb5 {both Engines} 18. Rab1 (18. Be5 Bxc5) 18... Bxc5 19.
Rxb5 cxb5 20. dxc5 Bc6 $11) 18. Bf3 (18. Be5 $18 {both Engines} Bxc5 19. dxc5 {
attacks R on b2 as well}) 18... Bc8 (18... Bxc5) 19. Nb3 (19. Rdc1) 19... Ba6
$17 20. Bc1 Rc2 21. Rd2 Rxd2 22. Nxd2 Rb8 (22... Nd7 23. Nb3 Bb5 24. Na5 Rc8
$17 {Komodo13}) 23. Kf1 c5 (23... e5 $17 {both Engines}) 24. dxc5 Bxc5 25. Nb3
Nd7 (25... Bd6 $17 {Komodo13}) (25... Bf8 $17 {Deep Fritz13- best to keep the
2 Bs on, rather than cede them}) 26. Bf4 (26. Nxc5 Nxc5 27. Be3 $11) 26... Rb5
(26... Rc8) 27. a4 Rb4 28. Rc1 Rc4 29. Rxc4 dxc4 (29... Bxc4 $15) 30. Nxc5 Nxc5
31. Bc6 (31. a5 $16 {both Engines}) 31... Bb7 32. Bxb7 Nxb7 33. Ke1 (33. Be3
$16 {with pawns on both sides of the board a B is usually better than the N,
unless its own pawns make it bad or baddish}) 33... Kf8 34. Kd2 Ke7 35. Kc3 Nd6
36. Kd4 (36. Be3 {creating an entry on b6 for later} a6 37. Bc5 Kd7 38. Bxd6
Kxd6 39. Kxc4 $18 {the extra half-pawn can be used for tempi to drive Bl to
zugzwang} Kc6 40. h4 (40. a5 {eg} Kd6 41. h4 e5 42. g4 f6 43. g5 f5 44. e3 Kc6
45. f4 Kd6 46. a3 e4 47. Kd4 $18) 40... f6 41. a5 $18 {transposes}) 36... f6 (
36... c3 {both Engines} 37. Kd3 Kd7 38. f3 Nb7 39. Kxc3 Kc6 40. Kc4 f6 $16 {
Komodo13}) 37. Kc5 (37. Bxd6+ Kxd6 38. Kxc4 $18) 37... e5 38. Be3 c3 39. Kb4 c2
40. Kc3 Nf5 41. Bc5+ Ke6 42. Kxc2 a6 43. e4 (43. Kc3) 43... Nd6 44. f3 (44.
Bxd6 Kxd6 45. Kd3 Kc5 46. Kc3 $11 {the Bl K has gained an extra square
comparec with the above variations}) 44... f5 $6 {but this creates an
imbalance of pawns that could help Wh} (44... h5) 45. Kd3 (45. Bxd6 {comes
close to winning} Kxd6 46. exf5 gxf5 47. Kd3 Kd5 (47... Kc5 48. g4 fxg4 49.
fxg4 $18 {and Wh has gained an outside passed pawn threat} Kd5 50. a5 {so that
when the Wh K captures on a6 it can get to b7 next- a crucial difference to
the lines analysed below for other Bl K moves.}) (47... h5 48. a5 {K & P
endings can be very tricky to calculate- a single slip can become a disaster.}
(48. h3 a5 49. g4 e4+ 50. Ke3 hxg4 51. hxg4 fxg4 52. fxg4 Kd5 53. g5 Ke5 54. g6
Kf6 55. Kxe4 Kxg6 56. Kd4 Kf6 57. Kc5 Ke7 58. Kb5 Kd7 59. Kxa5 Kc7 {is only
good enough for a draw}) 48... Ke7 49. Kc4 Kd6 50. h3 Kc6 51. g4 hxg4 52. hxg4
e4 {draws}) 48. g4 fxg4 49. fxg4 a5 {and despite the outside passed pawn, Bl
still holds the draw} 50. h4 e4+ 51. Ke3 Ke5 52. a3 Kd5 53. g5 Ke5 54. h5 Kf5
55. g6 hxg6 56. h6 Kf6 57. Kxe4 g5 58. h7 Kg7 59. Kf5 Kxh7 60. Kxg5 Kg7 {
Bl always gets back in time to c8 & safety against a a pawn (or two)}) 45...
fxe4+ 46. fxe4 g5 47. g4 Ne8 48. Be3 Nf6 49. h3 h6 50. Bc5 h5 $11 {liquidating
most of the K side} 51. gxh5 (51. Be3 hxg4 52. hxg4 Nxg4 53. Bxg5 {makes
little difference} Nf2+ 54. Ke3 Nd1+ 55. Kf3 Nb2 56. a5 Nc4 57. Bd8 Kd6 58. Bb6
Kc6 59. Ke2 Kb5 $11 {Komodo13}) 51... Nxh5 52. Ke3 Nf4 53. Kf3 Nxh3 54. Kg4 Nf4
55. Kxg5 Nd3 56. Bb6 Nb2 57. a5 (57. Bc5 Nxa4 58. Bb4 $11) 57... Nd3 (57... Nc4
58. Kg4 Nd2 59. Be3 Nxe4 $15 {both Engines}) 58. Kg4 Nb4 59. a4 Nd3 60. Kf3 Nb2
61. Ke3 Nxa4 62. Ba7 Nc3 63. Kd3 Nb5 64. Bc5 Nd6 65. Bb4 (65. Bxd6 Kxd6 66. Kc4
Kc6 67. Kb4 Kd6 $11) 65... Kd7 66. Ke3 Ke6 67. Kf3 Kd7 68. Bxd6 Kxd6 69. Kg4
Kc5 {other moves lose} 70. Kg5 Kb5 71. Kf5 Kxa5 72. Kxe5 Kb4 73. Kd5 a5 74. e5
a4 75. e6 a3 76. e7 a2 77. e8=Q a1=Q 78. Qe4+ Kb3 1/2-1/2